000 00566cam a22001577a 4500
008 180718b2005 xxu||||| |||| 00| 0 eng d
100 _aClaessens, Stijn
245 _aFinancial dependence, banking sector competition, and economic growth
_cby Stijn Claessens and Luc Laeven
260 _aWashington, D.C.
_bWorld Bank
_c2005
300 _a48p.
440 _aPolicy research working paper; no. 3481
650 _aCompetition --Case studies
650 _aIndustrial organization --Case studies
650 _aBanks and banking --Case studies
700 _aLaeven, Luc
999 _c291463
_d291463